| 000 | 00553nam a22001817a 4500 | ||
|---|---|---|---|
| 003 | OSt | ||
| 005 | 20180116183106.0 | ||
| 008 | 170809b xxu||||| |||| 00| 0 eng d | ||
| 020 | _a0 | ||
| 040 | _c0 | ||
| 082 | _a333.7900917671 AMA 1983 | ||
| 100 | _aAmanullah Shah Trimizi | ||
| 245 |
_aEnergy in The Muslim Countries _bA Pan Islamic Approach _cAmanullah Shah Trimizi |
||
| 260 |
_aIslamabad _bNational Science Council Islamabad |
||
| 300 |
_a313p. _bpb |
||
| 440 | _aEnergy in The Muslim Countries | ||
| 942 |
_2ddc _cBK _k333.7900917671 AMA 1983 |
||
| 999 |
_c352062 _d352062 |
||